The Economic Transformation of Cities by Migrants/Refugees: A Case Study of Hamburg from 2015 – Present

Výhody vyplývajúce z integrácie migrantov a utečencov v rámci miest z dlhodobejšieho ekonomického hľadiska. Čo musia mestá zlepšiť pri uskutočňovaní pozitívnej hospodárskej transformácie. Vytváranie pracovných príležitostí prostredníctvom migrantov.

Guardado en:
Detalles Bibliográficos
Autor principal: Nguh, Augustin, 1986-
Formato: Capítulo de libro
Lenguaje:inglés
Materias:
Etiquetas: Agregar Etiqueta
Sin Etiquetas, Sea el primero en etiquetar este registro!

MARC

LEADER 00000naa$a2200000$$$4500
001 0272500
005 20240502074308.0
041 0 |a eng 
044 |a SK 
245 1 0 |a The Economic Transformation of Cities by Migrants/Refugees: A Case Study of Hamburg from 2015 – Present  |c Augustin Nguh 
520 |a Výhody vyplývajúce z integrácie migrantov a utečencov v rámci miest z dlhodobejšieho ekonomického hľadiska. Čo musia mestá zlepšiť pri uskutočňovaní pozitívnej hospodárskej transformácie. Vytváranie pracovných príležitostí prostredníctvom migrantov. 
610 2 0 |a transformácia 
610 2 0 |a migrácia 
610 2 0 |a utečenci 
610 2 0 |a štúdie prípadové 
610 2 0 |a mestá 
610 2 0 |a integrácia 
610 2 0 |a Nemecko 
100 1 |a Nguh, Augustin, 1986-